000
00274nam a2200133Ia 4500
100
_a
Karve & Shah
942
_c
BK
654
_a
Physics
245
_a
Second Course In Ele. Physics
260
_b
S.Chand & Co.
_c
2001
082
_a
530
300
_a
744
546
_a
ENGLISH
999
_c
24977
_d
24977